Furthest N-S-W-E Country by Continent - Statistics

General Stats
  • This quiz has been taken 45 times
    30 since last reset
  • The average score is 21 of 24
Answer Stats
Hint N Answer % Correct
North America N 72°0′0″N Canada
96%
North America E 52°13′3″N Canada
96%
North America W 65°35′47″N United States
96%
Oceania N 28°25′N United States
96%
South America E 7°9′19″S Brazil
93%
South America S 53°53′47″S Chile
93%
Oceania E 109°13'W Chile
93%
South America N 12°27′31″N Colombia
93%
Asia S 1°14'N Indonesia
93%
Europe N 81° 48′ 24″N Russia
93%
Europe E 69° 02′ E Russia
93%
Asia N 77°43'N Russia
93%
Asia E 169°40'W Russia
93%
North America S 7°12′32″N Panama
89%
Africa S 34°51'15"S South Africa
89%
South America W 4°40′58″S Peru
85%
Europe W 31° 16′ 30″W Portugal
85%
Africa N 37°32'N Tunisia
85%
Oceania S 52°37′S New Zealand
81%
Asia W 26°4'E Turkey
78%
Oceania W 112°55″E Australia
74%
Africa W 25°25'W Cabo Verde
74%
Europe S 34° 48′ 02″N Greece
74%
Africa E 63°30'E Mauritius
67%
No matching quizzes found
Score Distribution
Percent of People with Each Score
Percentile by Number Answered
Your Score History
You have not taken this quiz since the last reset